| 000 | 00695nam a2200217Ii 4500 | ||
|---|---|---|---|
| 003 | JO-AjNU | ||
| 008 | 230606s9999||||xx |||||||||||||| ||und|| | ||
| 020 | _a978-1-292-21459-7/1-292-21459-7 | ||
| 040 |
_aJO-AjNU _beng _erda _cJO-AjNU |
||
| 041 | _aeng | ||
| 050 | 1 | 4 | _aHF5635.B41517 2018 |
| 100 | 3 |
_aBeams, fioyd A /م.مشارك Joseph H. Anthony/م.مشارك Brucr Bettinghaus/م.مشارك Kenneth A. Smith, _eauthor _95931 |
|
| 245 | 0 | 0 | _aAdvanced Accounting |
| 250 | _a13 ed | ||
| 264 | 3 | 1 | _aNew York: Person, 2018 |
| 300 | _a819p | ||
| 336 |
_atext _btxt _2rdacontent |
||
| 337 |
_aunmediated _bn _2rdamedia |
||
| 338 |
_avolume _bnc _2rdacarrier |
||
| 650 | 4 |
_aACCOUNTING _95932 |
|
| 999 |
_aE3077 _c3074 _d3074 |
||